Educating Youth: (Record no. 183211)

MARC details
000 -LEADER
fixed length control field 00632 a2200181 4500
005 - DATE AND TIME OF LATEST TRANSACTION
control field 20220221125756.0
010 ## - LCCN (DPL NO)
LC control number ENG-130437
020 ## - INTERNATIONAL STANDARD BOOK NUMBER
International Standard Book Number 978-93-91370-03-9
Terms of availability 1295.00
035 ## - SYSTEM CONTROL NUMBER
System control number EN-113969
037 ## - SOURCE OF ACQUISITION
Source of stock number/acquisition DBAD/PUB
082 ## - DEWEY DECIMAL CLASSIFICATION NUMBER
Classification number 370.954
Item number 1
100 ## - MAIN ENTRY--PERSONAL NAME
Personal name Maithreyi, R.
245 ## - TITLE STATEMENT
Title Educating Youth:
Remainder of title Regulation through psychosocial skilling in India/
Statement of responsibility, etc R. Maithreyi
260 ## - PUBLICATION, DISTRIBUTION, ETC. (IMPRINT)
Place of publication, distribution, etc New Delhi
Name of publisher, distributor, etc Sage Publications India Pvt Ltd.
Date of publication, distribution, etc 2021
270 ## - ADDRESS
Address B-I/I-I, Mohan Cooperative Industrial Area, Mathura Road
City New Delhi
Postal code 110044
300 ## - PHYSICAL DESCRIPTION
Extent xiii, 275p.
Dimensions 22cm (pbk)
Other physical details Index
942 ## - ADDED ENTRY ELEMENTS (KOHA)
Institution code [OBSOLETE] dpl
Item type English Books
Source of classification or shelving scheme Dewey Decimal Classification
Classification part 370.954
Call number suffix MAI
Holdings
Withdrawn status Lost status Not for loan Collection code Home library Current library Date acquired Source of acquisition Cost, normal purchase price Full call number Barcode Copy number Cost, replacement price Koha item type
      Non-fiction Ashok Vihar Ashok Vihar 20/12/2021 DBAD/PUB 1295.00 370.954 MAI EN-113969 1 1295.00 English Books

© Delhi Public Library
Hit Counter
free hit counter